000 01043nam a2200229 i 4500
001 180793
003 ES-MaACL
005 20250804012218.0
008 120713s1881 phl |||| | spa d
080 _a23 Tomás de Aquino, Santo
080 _a929 Tomás de Aquino, Santo (0:82)
080 _a821.134.2-14"18"(082.2)
245 0 0 _aCorona literaria dedicada a Santo Tomás de Aquino por la Real y Pontificia Universidad de Manila el día 7 de marzo de 1881 con motivo de haber sido declarado Patrono de las Escuelas Católicas por Su Santidad Leon XIII.
260 _a[S.l.] :
_b[s.n.],
_c1881 (
_eManila :
_fEstab. Tip. del Colegio de Sto. Tomás)
300 _a138 p. ;
_c26 cm.
530 _aDisponible también en sitio web.
600 0 4 _aTomás de Aquino,
_cSanto
_9110514
650 4 _aPoesías filipinas (Español)
_9150959
852 _aES-MaACL
_jT-789-F-4
856 4 1 _uhttp://bibliotecadigitalhispanica.bne.es:80/webclient/DeliveryManager?pid=3040959&custom_att_2=simple_viewer
_zIr a la página
999 _c180793
_d180793